Τα πολιτικά κόμματα και η τούτων επέμβασις εις τα της δικαιοσύνης και της διοικήσεως
Αποθηκεύτηκε σε:
| Κύριος συγγραφέας: | |
|---|---|
| Άλλοι συγγραφείς: | |
| Μορφή: | Βιβλίο |
| Γλώσσα: | Greek |
| Δημοσίευση: |
Εν Λειψία :
Γ. Δρουγουλίνος,
1885.
|
| Θέματα: | |
| Ετικέτες: |
Προσθήκη ετικέτας
Δεν υπάρχουν, Καταχωρήστε ετικέτα πρώτοι!
|
MARC
| LEADER | 00000cam a2200000 i 4500 | ||
|---|---|---|---|
| 001 | 1/99708 | ||
| 008 | 950404s1885 gre d | ||
| 035 | |l 10011410 | ||
| 040 | |a GR-MY-UA |b gre |e aacr | ||
| 041 | 0 | |a gre | |
| 082 | 0 | |a 324.204 | |
| 100 | 1 | |a Minghetti, Marco, |d 1818-1886. | |
| 245 | 1 | 3 | |a Τα πολιτικά κόμματα και η τούτων επέμβασις εις τα της δικαιοσύνης και της διοικήσεως / |c M. Minghetti ; μετάφρασις εκ του ιταλικού μετ' εισαγωγής υπό Γ. Μικονίου. |
| 260 | |a Εν Λειψία : |b Γ. Δρουγουλίνος, |c 1885. | ||
| 300 | |a μ', iii, 251 σ. ; |c 22 εκ. | ||
| 506 | 1 | |a Μόνο για ανάγνωση. |c Βρίσκεται σε ειδικό ράφι. Διαθέσιμο εάν ζητηθεί. | |
| 650 | 0 | 0 | |a Political parties |x Philosophy. |
| 700 | 1 | |a Μικόνιος, Γ. |e trl | |
| 852 | |a INST |b LESVOS |e 19950404 |h 324.204 MIN |p 005100032552 |q 005100032552 |t BK |y 0 | ||
| 909 | |a Λ |b 039984 | ||
| 970 | |z 2000/05/ΟΙΚΟΝΟΜΟΠΟΥΛΟΥ ΧΡΙΣΤΙΝΑ | ||